| 000 | nam a22 7a 4500 | ||
|---|---|---|---|
| 999 |
_c129079 _d129079 |
||
| 003 | ARRUPE | ||
| 005 | 20190220115752.0 | ||
| 008 | 190220b xxu||||| |||| 00| 0 eng d | ||
| 022 | _a0958-9996 | ||
| 040 | _cARRUPE | ||
| 050 | _aPER | ||
| 245 | _aThe Guardian | ||
| 260 |
_aLondon _bGuardian News and Media Ltd _c2019 |
||
| 942 |
_2lcc _cPERIODICAL _s1 |
||